Loading...
| Science - Chemistry | 0 | 4 | 0 | 2 | 40 | 102 | 116.75 | 0 | 0 | 2.01 | 8.86 |
| Science - Other | 0 | 2 | 1 | 1 | 15 | 80 | 103.50 | 0 | 1 | 2.31 | 5.94 |
| Beliefs | 0 | 1 | 0 | 1 | 10 | 133 | 133.00 | 0 | 0 | 0.04 | 0.48 |
| Social Science | 0 | 1 | 0 | 0 | 10 | 96 | 96.00 | 0 | 0 | 1.34 | 2.08 |
| Geography | 0 | 1 | 0 | 0 | 10 | 139 | 139.00 | 0 | 1 | 0.47 | 16.67 |
| Visual Arts | 0 | 0 | 0 | 0 | 0 | 0.00 | 0 | 0 | 0.00 | 0.00 | |
| History - American | 0 | 0 | 0 | 0 | 0 | 0.00 | 0 | 0 | 0.00 | 0.00 | |
| Other Academic | 0 | 0 | 0 | 0 | 0 | 0.00 | 0 | 0 | 0.00 | 0.00 | |
| Science - Biology | 0 | 0 | 0 | 0 | 0 | 0.00 | 0 | 0 | 0.00 | 0.00 | |
| Science - Physics | 0 | 0 | 1 | 0 | -5 | 0.00 | 0 | 0 | 0.00 | 0.00 | |
| Fine Arts - Classical Music and Opera | 0 | 0 | 1 | 0 | -5 | 0.00 | 0 | 0 | 0.00 | 0.00 |